[Event "CHN-ch"]
[Site "Xinghua"]
[Date "2025.07.02"]
[Round "10"]
[White "Cao, Qingfeng"]
[Black "Zhang, Di"]
[Result "1/2-1/2"]
[WhiteElo "2410"]
[BlackElo "2446"]
[PlyCount "100"]
[EventDate "2025.06.23"]
[EventType "swiss"]
[EventRounds "11"]
[EventCountry "CHN"]
[SourceTitle "CB28_2025"]
[SourceDate "2025.07.09"]
[SourceVersion "1"]
[SourceVersionDate "2025.07.09"]
[SourceQuality "1"]

1. c4 Nf6 2. Nc3 e5 3. Nf3 Nc6 4. g3 h5 5. h4 Nd4 6. Bg2 Ng4 7. e3 Nxf3+ 8. Qxf3 d6 9. b3 g6 10. Bb2 Bg7 11. Qe2 0-0 12. Ne4 Nh6 13. 0-0 Bg4 14. f3 Bf5 15. d3 Re8 16. Rad1 a5 17. Qd2 c6 18. Ba3 Bf8 19. Nf2 a4 20. Bb4 axb3 21. axb3 Be6 22. e4 Bg7 23. Bh3 f5 24. Qg5 Qxg5 25. hxg5 Nf7 26. exf5 gxf5 27. g6 Nh8 28. Bxd6 Nxg6 29. Rfe1 Kf7 30. Bc5 Red8 31. d4 Ra6 32. dxe5 Rxd1 33. Rxd1 Nxe5 34. f4 Nd7 35. Nd3 Ra5 36. Bd6 Ra2 37. Bg2 Bf6 38. Bf3 h4 39. gxh4 Bxh4 40. Ne5+ Nxe5 41. Bxe5 Bf2+ 42. Kf1 Bc5 43. Bd4 Bxd4 44. Rxd4 Rb2 45. Bd1 Ke7 46. Ke1 b5 47. cxb5 cxb5 48. Rd2 Rb1 49. Rd3 Rb2 50. Rd2 Rb1 1/2-1/2

[Event "CHN-ch"]
[Site "Xinghua"]
[Date "2025.06.23"]
[Round "1"]
[White "Gao, Linhao"]
[Black "Cao, Qingfeng"]
[Result "0-1"]
[WhiteElo "1915"]
[BlackElo "2410"]
[PlyCount "58"]
[EventDate "2025.06.23"]
[EventType "swiss"]
[EventRounds "11"]
[EventCountry "CHN"]
[SourceTitle "CB28_2025"]
[SourceDate "2025.07.09"]
[SourceVersion "1"]
[SourceVersionDate "2025.07.09"]
[SourceQuality "1"]

1. e4 c5 2. Nf3 Nc6 3. d4 cxd4 4. Nxd4 Nf6 5. Nc3 d6 6. Bg5 e6 7. Qd2 a6 8. 0-0-0 Bd7 9. f3 Nxd4 10. Qxd4 h6 11. Be3 Bc6 12. Bc4 Qc7 13. Bb3 Be7 14. g4 Nd7 15. Rhe1 Rc8 16. Kb1 b5 17. f4 0-0 18. f5 Nc5 19. Bc1 a5 20. Bxh6 Bf6 21. e5 Nxb3 22. Qf2 Bxe5 23. Rxe5 dxe5 24. f6 Rfd8 25. Re1 gxh6 26. Qh4 Nd2+ 27. Ka1 Kf8 28. Qxh6+ Ke8 29. Qg7 Qd6 0-1

[Event "Dongtai Rebecca Cup op"]
[Site "Dongtai"]
[Date "2025.06.20"]
[Round "6"]
[White "Peng, Hongchi"]
[Black "Cao, Qingfeng"]
[Result "1-0"]
[WhiteElo "2399"]
[BlackElo "2410"]
[PlyCount "61"]
[EventDate "2025.06.17"]
[EventType "swiss"]
[EventRounds "9"]
[EventCountry "CHN"]
[SourceTitle "CB26_2025"]
[SourceDate "2025.06.25"]
[SourceVersion "1"]
[SourceVersionDate "2025.06.25"]
[SourceQuality "1"]

1. e4 c6 2. d4 d5 3. e5 Bf5 4. c4 e6 5. Nc3 Bb4 6. Nge2 Ne7 7. a3 Bxc3+ 8. Nxc3 dxc4 9. Bxc4 Nd7 10. h4 h5 11. Bg5 Nb6 12. Be2 Bg6 13. Qd2 Nbd5 14. Nxd5 exd5 15. Qb4 Qd7 16. Rc1 Rf8 17. Rh3 f6 18. Bf4 a5 19. Qb6 fxe5 20. Bxe5 Rf7 21. Rg3 Kf8 22. Rcc3 Qf5 23. f4 Qb1+ 24. Kf2 Re8 25. Qxb7 Be4 26. Bxh5 Ng6 27. Qxc6 Nxe5 28. dxe5 Rxf4+ 29. Rgf3 Qxb2+ 30. Kg3 Rxe5 31. Qc8+ 1-0

[Event "Dongtai Rebecca Cup op"]
[Site "Dongtai"]
[Date "2025.06.19"]
[Round "4"]
[White "Sun, Chao"]
[Black "Cao, Qingfeng"]
[Result "1/2-1/2"]
[WhiteElo "2235"]
[BlackElo "2410"]
[PlyCount "78"]
[EventDate "2025.06.17"]
[EventType "swiss"]
[EventRounds "9"]
[EventCountry "CHN"]
[SourceTitle "CB26_2025"]
[SourceDate "2025.06.25"]
[SourceVersion "1"]
[SourceVersionDate "2025.06.25"]
[SourceQuality "1"]

1. c4 Nf6 2. Nc3 e5 3. g3 d5 4. cxd5 Nxd5 5. Bg2 Nb6 6. Nf3 Nc6 7. d3 Be7 8. 0-0 0-0 9. Be3 Be6 10. a3 a5 11. Rc1 Nd5 12. Nxd5 Bxd5 13. Bc5 Bd6 14. Qa4 Qe7 15. Qb5 a4 16. Bxd6 Qxd6 17. Qc5 Ra5 18. Qxd6 cxd6 19. e3 Rb5 20. Rc2 Ra8 21. Nd2 Bxg2 22. Kxg2 Kf8 23. Rb1 Ke7 24. Rc3 Kd7 25. b4 axb3 26. Rcxb3 Rxb3 27. Rxb3 Kc7 28. Kf3 d5 29. Ke2 Ra5 30. Nb1 f5 31. Nc3 d4 32. Nb5+ Kd7 33. f4 exf4 34. gxf4 dxe3 35. Kxe3 Ra8 36. Nc3 Re8+ 37. Kf2 Kc8 38. Rb5 g6 39. Rd5 Rd8 1/2-1/2

[Event "Dongtai Rebecca Cup op"]
[Site "Dongtai"]
[Date "2025.06.17"]
[Round "1"]
[White "Cao, Qingfeng"]
[Black "Gu, Xianghan"]
[Result "1/2-1/2"]
[WhiteElo "2410"]
[BlackElo "2199"]
[PlyCount "60"]
[EventDate "2025.06.17"]
[EventType "swiss"]
[EventRounds "9"]
[EventCountry "CHN"]
[SourceTitle "CB26_2025"]
[SourceDate "2025.06.25"]
[SourceVersion "1"]
[SourceVersionDate "2025.06.25"]
[SourceQuality "1"]

1. Nf3 Nf6 2. c4 e6 3. g3 d5 4. d4 Bb4+ 5. Nbd2 dxc4 6. Qc2 b5 7. a4 c6 8. Bg2 Bb7 9. 0-0 a6 10. b3 c5 11. bxc4 bxc4 12. Qxc4 Bd5 13. Qd3 cxd4 14. Nxd4 Bxg2 15. Kxg2 0-0 16. N2f3 Qd5 17. Ba3 Bxa3 18. Qxa3 Nbd7 19. Rac1 Rfc8 20. Rfd1 Qb7 21. Rxc8+ Rxc8 22. Rc1 Rxc1 23. Qxc1 h6 24. Qc6 Qxc6 25. Nxc6 a5 26. Nxa5 Nc5 27. Nc4 Nxa4 28. e3 Kf8 29. Nd4 Nc5 30. f3 Nfd7 1/2-1/2

[Event "Asia-ch"]
[Site "Al Ain"]
[Date "2025.05.12"]
[Round "6"]
[White "Cao, Qingfeng"]
[Black "Prathamesh, Sunil Mokal"]
[Result "1/2-1/2"]
[WhiteElo "2420"]
[BlackElo "2351"]
[PlyCount "44"]
[EventDate "2025.05.07"]
[EventType "swiss"]
[EventRounds "9"]
[EventCountry "UAE"]
[SourceTitle "CB21_2025"]
[SourceDate "2025.05.21"]
[SourceVersion "1"]
[SourceVersionDate "2025.05.21"]
[SourceQuality "1"]

1. d4 Nf6 2. c4 g6 3. Nf3 Bg7 4. g3 c6 5. Bg2 d5 6. 0-0 0-0 7. b3 dxc4 8. bxc4 c5 9. e3 Nc6 10. Bb2 Qb6 11. Qb3 Ne4 12. Ne5 Nd6 13. Nxc6 bxc6 14. Nd2 Be6 15. Rfc1 Rab8 16. Bc3 cxd4 17. Qxb6 Rxb6 18. Bxd4 Bxd4 19. exd4 Rb2 20. Nb3 Nxc4 21. Bxc6 Nb6 22. Rc5 Rd8 1/2-1/2

[Event "Asia-ch"]
[Site "Al Ain"]
[Date "2025.05.10"]
[Round "4"]
[White "Cao, Qingfeng"]
[Black "Idani, Pouya"]
[Result "1/2-1/2"]
[WhiteElo "2420"]
[BlackElo "2630"]
[PlyCount "72"]
[EventDate "2025.05.07"]
[EventType "swiss"]
[EventRounds "9"]
[EventCountry "UAE"]
[SourceTitle "CB21_2025"]
[SourceDate "2025.05.21"]
[SourceVersion "1"]
[SourceVersionDate "2025.05.21"]
[SourceQuality "1"]

1. d4 Nf6 2. c4 e6 3. g3 Bb4+ 4. Bd2 Be7 5. Bg2 0-0 6. Nf3 c5 7. 0-0 Nc6 8. dxc5 Bxc5 9. Nc3 h6 10. a3 a5 11. Bf4 d6 12. Na4 e5 13. Nxc5 exf4 14. Na4 fxg3 15. hxg3 Be6 16. Rc1 Rb8 17. Nd4 Nxd4 18. Qxd4 b5 19. cxb5 Rxb5 20. Rc6 Bd5 21. Rb6 Bxg2 22. Rxb5 Bxf1 23. Kxf1 Qd7 24. Nc3 Rc8 25. a4 Qh3+ 26. Ke1 d5 27. Rc5 Rb8 28. Rb5 Rc8 29. Rc5 Rb8 30. Rb5 Rc8 31. Kd2 Qf1 32. f3 Qa1 33. Qe5 Qg1 34. Rb8 Rxb8 35. Qxb8+ Kh7 36. Qe5 Qc5 1/2-1/2

[Event "Asia-ch Blitz"]
[Site "Al Ain"]
[Date "2025.05.10"]
[Round "6"]
[White "Karthik, Venkataraman"]
[Black "Cao, Qingfeng"]
[Result "0-1"]
[WhiteElo "2565"]
[BlackElo "2420"]
[PlyCount "94"]
[EventDate "2025.05.10"]
[EventType "swiss (blitz)"]
[EventRounds "9"]
[EventCountry "UAE"]
[SourceTitle "CB20_2025"]
[SourceDate "2025.05.14"]
[SourceVersion "1"]
[SourceVersionDate "2025.05.14"]
[SourceQuality "1"]

1. e4 c6 2. d4 d5 3. Nd2 dxe4 4. Nxe4 Bf5 5. Ng3 Bg6 6. h4 h6 7. Nf3 e6 8. Bd3 Bxd3 9. Qxd3 Nf6 10. Bf4 Bd6 11. Ne5 Bxe5 12. Bxe5 Qa5+ 13. c3 Nbd7 14. Bf4 0-0 15. 0-0 Rad8 16. b4 Qb6 17. Qf3 Rfe8 18. Rfe1 a5 19. a3 Qb5 20. Rac1 axb4 21. axb4 Qd5 22. Qe2 Ra8 23. Be5 Ra2 24. Qd3 Rea8 25. c4 Nxe5 26. Rxe5 Qd6 27. b5 Nd7 28. Re2 cxb5 29. cxb5 R2a3 30. Qe4 Nf6 31. Qxb7 Qxd4 32. b6 Ra1 33. Ree1 R1a2 34. Re2 Ra1 35. Rec2 Nd5 36. Rc8+ Kh7 37. Qxf7 Rxc8 38. Rxa1 Qxa1+ 39. Kh2 Nxb6 40. Qxe6 Qf6 41. Qe4+ Qg6 42. Qf4 Rc4 43. Qe5 Rxh4+ 44. Kg1 Nc4 45. Qd5 Nd6 46. f3 Qxg3 47. Qd3+ Qg6 0-1

[Event "China zt 3.5"]
[Site "Jiangxi"]
[Date "2025.03.24"]
[Round "3"]
[White "Cao, Qingfeng"]
[Black "Xu, Yi"]
[Result "1/2-1/2"]
[WhiteElo "2397"]
[BlackElo "2480"]
[PlyCount "83"]
[EventDate "2025.03.22"]
[EventType "swiss"]
[EventRounds "9"]
[EventCountry "CHN"]
[SourceTitle "CB14_2025"]
[SourceDate "2024.11.01"]
[SourceVersion "1"]
[SourceVersionDate "2024.11.01"]
[SourceQuality "1"]

1. d4 Nf6 2. Nf3 d5 3. c4 e6 4. g3 Be7 5. Bg2 0-0 6. 0-0 dxc4 7. Qc2 a6 8. a4 Bd7 9. Qxc4 Bc6 10. Bg5 Bd5 11. Qc2 Be4 12. Qc1 Nc6 13. Nbd2 Nxd4 14. Nxd4 Bxg2 15. Nxe6 Qd6 16. Nxf8 Bxf1 17. Bxf6 Bxf8 18. Bxg7 Bxe2 19. Bxf8 Rxf8 20. Ne4 Qe5 21. Qe3 Bc4 22. Rd1 Kg7 23. Rd4 Bd5 24. Nd6 cxd6 25. Qxe5+ dxe5 26. Rxd5 Rc8 27. Rxe5 Rc4 28. b3 Rb4 29. Re3 a5 30. Kg2 b5 31. axb5 Rxb5 32. f4 Rb4 33. Kf3 a4 34. bxa4 Rxa4 35. g4 h6 36. h4 Rb4 37. Rd3 Rb1 38. Ke4 Rh1 39. h5 Re1+ 40. Kf5 Rh1 41. Re3 Rh2 42. Rd3 1/2-1/2

[Event "Wch U20 62nd"]
[Site "Petrovac"]
[Date "2025.03.01"]
[Round "5"]
[White "Colbow, Collin"]
[Black "Cao, Qingfeng"]
[Result "0-1"]
[WhiteElo "2442"]
[BlackElo "2342"]
[PlyCount "74"]
[EventDate "2025.02.25"]
[EventType "swiss"]
[EventRounds "11"]
[EventCountry "MNE"]
[SourceTitle "CB11_2025"]
[SourceDate "2025.03.12"]
[SourceVersion "1"]
[SourceVersionDate "2025.03.12"]
[SourceQuality "1"]

1. e4 c6 2. d4 d5 3. e5 Bf5 4. g4 Be4 5. f3 Bg6 6. e6 Qd6 7. exf7+ Bxf7 8. Nc3 Nd7 9. f4 h5 10. g5 e6 11. Nf3 Bg6 12. Bd3 Ne7 13. Bxg6+ Nxg6 14. 0-0 0-0-0 15. a4 Qc7 16. b3 Nxf4 17. Ne5 Nh3+ 18. Kg2 Nxe5 19. Kxh3 Ng4 20. Qe2 Re8 21. Bf4 Bd6 22. Qd2 e5 23. dxe5 Bxe5 24. Kh4 Bxf4 25. Qxf4 Qxf4 26. Rxf4 Re3 27. Nd1 Re1 28. Rf7 Ne5 29. Rf2 Re8 30. Rb1 Ng6+ 31. Kg3 h4+ 32. Kg4 Rg1+ 33. Kf5 Ne5 34. Kf4 Re1 35. g6 Rf8+ 36. Kg5 Rg1+ 37. Kh5 Rh8# 0-1

[Event "Senta Fantastico GM 02"]
[Site "Senta"]
[Date "2025.02.18"]
[Round "4"]
[White "Spasov, Vasil"]
[Black "Cao, Qingfeng"]
[Result "1/2-1/2"]
[WhiteElo "2423"]
[BlackElo "2342"]
[PlyCount "29"]
[EventDate "2025.02.16"]
[EventType "tourn"]
[EventRounds "9"]
[EventCountry "SRB"]
[EventCategory "6"]
[SourceTitle "CB09_2025"]
[SourceDate "2025.02.27"]
[SourceVersion "1"]
[SourceVersionDate "2025.02.27"]
[SourceQuality "1"]

1. e4 c6 2. d4 d5 3. Nd2 dxe4 4. Nxe4 Bf5 5. Ng3 Bg6 6. Nf3 e6 7. Bd3 Nf6 8. 0-0 Be7 9. c4 0-0 10. Bxg6 hxg6 11. Qe2 Qc7 12. Ne4 Nbd7 13. Rd1 Rfe8 14. Bd2 Rad8 15. Neg5 1/2-1/2

[Event "Senta Fantastico GM 02"]
[Site "Senta"]
[Date "2025.02.17"]
[Round "2"]
[White "Cao, Qingfeng"]
[Black "Bryakin, Mikhail"]
[Result "1/2-1/2"]
[WhiteElo "2342"]
[BlackElo "2427"]
[PlyCount "118"]
[EventDate "2025.02.16"]
[EventType "tourn"]
[EventRounds "9"]
[EventCountry "SRB"]
[EventCategory "6"]
[SourceTitle "CB09_2025"]
[SourceDate "2025.02.27"]
[SourceVersion "1"]
[SourceVersionDate "2025.02.27"]
[SourceQuality "1"]

1. d4 d5 2. c4 c6 3. Nf3 Nf6 4. e3 Bf5 5. Nc3 e6 6. Nh4 Be4 7. f3 Bg6 8. Bd2 Be7 9. Nxg6 hxg6 10. Qb3 Qc7 11. 0-0-0 Nbd7 12. Kb1 dxc4 13. Bxc4 a6 14. Be2 c5 15. Be1 Rc8 16. Bg3 Qb6 17. Qc4 0-0 18. d5 exd5 19. Nxd5 Nxd5 20. Qxd5 Nf6 21. Qb3 Qc6 22. Bc4 b5 23. Bd5 Qb6 24. e4 Nxd5 25. Rxd5 c4 26. Qc2 Rfd8 27. Bf2 Qc7 28. Bg3 Qc6 29. Rhd1 a5 30. Rxd8+ Rxd8 31. Rxd8+ Bxd8 32. Qd2 Bc7 33. Bxc7 Qxc7 34. g3 Qb6 35. b3 cxb3 36. axb3 a4 37. Ka2 Kh7 38. f4 Qc6 39. e5 Qe4 40. bxa4 Qc4+ 41. Ka3 Qxa4+ 42. Kb2 Qe4 43. Qc2 Qd4+ 44. Qc3 Qf2+ 45. Qc2 Qd4+ 46. Qc3 Qg1 47. Qc2 Kh6 48. Kb3 Qe1 49. Qd3 g5 50. Qd6+ Kh5 51. Qe7 Qb1+ 52. Kc3 Qc1+ 53. Kb4 Qc4+ 54. Ka5 gxf4 55. Qh4+ Kg6 56. Qg4+ Kh7 57. Qh4+ Kg8 58. Qd8+ Kh7 59. Qh4+ Kg8 1/2-1/2

[Event "Senta Fantastico GM 02"]
[Site "Senta"]
[Date "2025.02.16"]
[Round "1"]
[White "Glek, Igor Vladimirovich"]
[Black "Cao, Qingfeng"]
[Result "1/2-1/2"]
[WhiteElo "2423"]
[BlackElo "2342"]
[PlyCount "39"]
[EventDate "2025.02.16"]
[EventType "tourn"]
[EventRounds "9"]
[EventCountry "SRB"]
[EventCategory "6"]
[SourceTitle "CB09_2025"]
[SourceDate "2025.02.27"]
[SourceVersion "1"]
[SourceVersionDate "2025.02.27"]
[SourceQuality "1"]

1. e4 c5 2. Nf3 Nc6 3. Bb5 g6 4. 0-0 Bg7 5. c3 Nf6 6. Re1 0-0 7. d4 d5 8. e5 Ne4 9. Bxc6 bxc6 10. Be3 cxd4 11. cxd4 f6 12. Nbd2 Nxd2 13. Qxd2 Bg4 14. exf6 exf6 15. Bh6 Bxf3 16. Bxg7 Kxg7 17. gxf3 Qd7 18. Kg2 Rfe8 19. Rxe8 Rxe8 20. Re1 1/2-1/2

[Event "Senta Fantastico GM Mix 02"]
[Site "Senta"]
[Date "2025.02.12"]
[Round "3"]
[White "Cao, Qingfeng"]
[Black "Lajthajm, Borko"]
[Result "1-0"]
[WhiteElo "2342"]
[BlackElo "2330"]
[PlyCount "81"]
[EventDate "2025.02.11"]
[EventType "swiss"]
[EventRounds "9"]
[EventCountry "SRB"]
[SourceTitle "CB09_2025"]
[SourceDate "2025.02.27"]
[SourceVersion "1"]
[SourceVersionDate "2025.02.27"]
[SourceQuality "1"]

1. d4 d5 2. c4 e6 3. Nf3 c6 4. Qc2 Nf6 5. Nbd2 Nbd7 6. g3 Bd6 7. Bg2 a5 8. 0-0 Ra7 9. e4 dxe4 10. Nxe4 Nxe4 11. Qxe4 0-0 12. Be3 Ra6 13. Rfd1 Qe7 14. Bf4 Bxf4 15. Qxf4 a4 16. Ne5 Qb4 17. Rd2 Ra5 18. Rad1 Qd6 19. Nxc6 Qxf4 20. Ne7+ Kh8 21. gxf4 g6 22. b4 axb3 23. axb3 Ra3 24. Rb2 Nf6 25. c5 Bd7 26. Bxb7 Ra7 27. Bc6 Rc7 28. Bxd7 Nxd7 29. b4 Nb8 30. d5 Rxe7 31. d6 Rd7 32. b5 Rb7 33. Rbb1 Nd7 34. c6 Rb6 35. cxd7 Rd8 36. Rbc1 Rxd7 37. Rc6 Rxb5 38. Rc7 Rd8 39. d7 Rbb8 40. Rdc1 Kg7 41. Rc8 1-0